Statistics for Numbers in French

Click here to take the quiz!

General Stats

  • This quiz has been taken 15,213 times
    (15,188 since last reset)
  • The average score is 29 of 44

Answer Stats

#Français% Correct
1un
99%
2deux
94%
3trois
94%
4quatre
90%
5cinq
90%
10dix
89%
7sept
89%
9neuf
88%
6six
87%
8huit
87%
0zéro
82%
11onze
82%
12douze
76%
18dix-huit
76%
19dix-neuf
76%
17dix-sept
76%
20vingt
75%
14quatorze
73%
13treize
70%
100cent
69%
30trente
68%
16seize
66%
15quinze
64%
1,000mille
64%
firstpremier
62%
200deux-cents
62%
2,000deux-mille
61%
40quarante
61%
50cinquante
58%
seconddeuxième
56%
60soixante
53%
thirdtroisième
53%
100,000cent-mille
52%
1,000,000million
50%
70soixante-dix
49%
fourthquatrième
47%
90quatre-vingt dix
46%
seventhseptième
46%
sixthsixième
45%
eighthhuitième
45%
tenthdixième
45%
fifthcinquième
39%
ninthneuvième
37%
80quatre-vingts
32%

Score Distribution

Percentile by Number Answered

Percent of People with Each Score

Your Score History

You have not taken this quiz since the last reset